|
|
|
|
| LEADER |
02033nam a2200541 i 4500 |
| 001 |
nkc20243662595 |
| 003 |
CZ PrNK |
| 005 |
20250206125150.0 |
| 007 |
ta |
| 008 |
241218s2024 xr a e c 000 0dcze |
| 020 |
|
|
|a 978-80-85112-95-5
|q (brožováno)
|
| 040 |
|
|
|a OLA001
|b cze
|e rda
|
| 072 |
|
7 |
|a 75
|x Malířství
|2 Konspekt
|9 21
|
| 080 |
|
|
|a 75
|2 MRF
|
| 080 |
|
|
|a 7.049.6
|2 MRF
|
| 080 |
|
|
|a 7.071.5
|2 MRF
|
| 080 |
|
|
|a 7.073
|2 MRF
|
| 080 |
|
|
|a (083.824)
|2 MRF
|
| 100 |
1 |
|
|a Lamatová, Hana
|7 mzk20211115867
|4 aut
|
| 245 |
1 |
0 |
|a Nový pokus o maximální přiblížení KE 3171 O 96 :
|b interpretace zátiší /
|c Hana Lamatová, Marek Šobáň
|
| 246 |
3 |
0 |
|a Interpretace zátiší
|
| 250 |
|
|
|a 1. vydání
|
| 264 |
|
1 |
|a [Pardubice] :
|b [Gočárova galerie],
|c [2024]
|
| 300 |
|
|
|a 77 stran :
|b ilustrace (převážně barevné) ;
|c 20 cm
|
| 336 |
|
|
|a text
|b txt
|2 rdacontent
|
| 336 |
|
|
|a statický obraz
|b sti
|2 rdacontent
|
| 337 |
|
|
|a bez média
|b n
|2 rdamedia
|
| 338 |
|
|
|a svazek
|b nc
|2 rdacarrier
|
| 500 |
|
|
|a Název z obálky
|
| 500 |
|
|
|a Katalog ke stejnojmenné výstavě konané v Gočárově galerii Pardubice, v Domě u Jonáše, 20.3.-9.6.2024
|
| 504 |
|
|
|a Obsahuje bibliografii a bibliografické odkazy
|
| 650 |
0 |
7 |
|a malířství
|7 ph122599
|2 czenas
|
| 650 |
0 |
7 |
|a zátiší
|7 ph127755
|2 czenas
|
| 650 |
0 |
7 |
|a prezentace uměleckého díla
|7 ph162888
|2 czenas
|
| 650 |
0 |
7 |
|a interpretace uměleckého díla
|7 ph162886
|2 czenas
|
| 650 |
0 |
9 |
|a painting
|2 eczenas
|
| 650 |
0 |
9 |
|a still life
|2 eczenas
|
| 650 |
0 |
9 |
|a presentation of art
|2 eczenas
|
| 650 |
0 |
9 |
|a art interpretation
|2 eczenas
|
| 655 |
|
7 |
|a katalogy výstav
|7 fd132536
|2 czenas
|
| 655 |
|
9 |
|a exhibition catalogs
|2 eczenas
|
| 700 |
1 |
|
|a Šobáň, Marek,
|d 1970-
|7 js20030421008
|4 aut
|
| 710 |
2 |
|
|a Dům U Jonáše (Pardubice, Česko)
|7 kn20030314017
|4 orm
|
| 910 |
2 |
|
|a BOA001
|b 2-1535.981
|
| 990 |
|
|
|a BK
|
| 995 |
|
|
|a 11
|
| 991 |
|
|
|b 202502
|c NOV
|
| 996 |
6 |
|
|b 2610991632
|c 2-1535.981
|l MZK
|r Sklad / do 1 hodiny
|n 0
|p p.v.
|w 001990171
|u 000010
|a 1
|e BOA001
|j MZK50
|s P
|